000 00626nam a2200241Ia 4500
003 OSt
005 20221007075011.0
006 a|||||r|||| 00| 0
007 ta
008 221006b |||||||| |||| 00| 0 eng d
020 _cRs. 500/-
024 _a8,964
037 _cTextual
040 _aFLL
_cFLL
_beng
041 _2eng
_aeng
082 _aX:545:Z2, N5
100 _aMotiwal O.P.
245 0 _aInternational trade law & practice
260 _aNew Delhi
_bBhowmik & Co. India
_c1995
300 _axxxi,722p
_ccm.
942 _hX:545:Z2, N5
_cTEXL
_2CC
999 _c1154451
_d1154451